000 00832nam a2200277 a 4500
999 _c8693
_d8693
001 8693
003 BD-JhCC
005 20210329134019.0
008 040414s2004 enka 001 0 eng d
020 _a0435511009
035 _a(BD-JhCC)8693
040 _aBDS
_dBD-JhCC
041 _aeng
082 0 _a510
_222
_bHEI
245 0 0 _aHeinemann modular mathematics for edexcel as and A-Level /
_cGreg Attwood ... [et al.].
246 1 4 _aCore mathematics
260 _aOxford :
_bHeinemann,
_c2004.
300 _aiv, 140 p. :
_bill. ;
_c27 cm.
500 _aIncludes index.
500 _a"Ideal for the 2004 specifications"--Cover.
650 0 _aMathematics.
650 0 _aMathematics
_vProblems, exercises, etc.
830 0 _aHeinemann modular mathematics for Edexcel AS and A-level
942 _2ddc
_cBK
_06